Vật lý đại chúng

Đã lưu trong:
書目詳細資料
主要作者: D G ORIR
格式: 圖書
語言:Undetermined
出版: H. KHKT 2001
主題:
標簽: 添加標簽
沒有標簽, 成為第一個標記此記錄!
Thư viện lưu trữ: Trung tâm Học liệu Trường Đại học Cần Thơ
LEADER 00423nam a2200169Ia 4500
001 CTU_50176
008 210402s9999 xx 000 0 und d
082 |a 530 
082 |b O.69/T1 
100 |a D G ORIR 
245 0 |a Vật lý đại chúng 
245 0 |c D G ORIR, TẤN HƯNG 
260 |a H. 
260 |b KHKT 
260 |c 2001 
650 |a physics 
980 |a Trung tâm Học liệu Trường Đại học Cần Thơ